|
|
|
|
| LEADER |
01891nam a2200349 a 4500 |
| 001 |
16178 |
| 003 |
BD-DhAAL |
| 008 |
090709s2007 bg b 001 0 eng d |
| 999 |
|
|
|c 2226
|d 2226
|
| 010 |
|
|
|a \\2007388076
|
| 020 |
|
|
|a 984871510X
|
| 040 |
|
|
|a DLC
|c DLC
|d DLC
|d BD-DhAAL
|
| 082 |
0 |
0 |
|a 809.93358
|2 22
|
| 100 |
1 |
|
|a Alam, Fakrul.
|9 52671
|
| 245 |
1 |
0 |
|a Imperial entanglements and literature in English /
|c Fakrul Alam.
|
| 260 |
|
|
|a Dhaka :
|b Writers.ink,
|c 2007.
|
| 300 |
|
|
|a 402 pages ;
|c 23 cm.
|
| 500 |
|
|
|a Articles chiefly with reference to 19th and 20th century English literature from erstwhile Bengal and West Bengal, India.
|
| 504 |
|
|
|a Includes bibliographical references and index.
|
| 541 |
1 |
|
|a Donated By Akbar Ali Khan
|e 16178, 40146
|
| 650 |
|
0 |
|a Imperialism in literature.
|9 52672
|
| 650 |
|
0 |
|a Indic literature (English)
|z India
|z Bengal
|x History and criticism.
|9 52673
|
| 650 |
|
0 |
|a Indic literature (English)
|z India
|z West Bengal
|x History and criticism.
|9 52674
|
| 650 |
|
0 |
|a Indic literature (English)
|y 19th century
|x History and criticism.
|9 52675
|
| 650 |
|
0 |
|a Indic literature (English)
|y 20th century
|x History and criticism.
|9 52676
|
| 650 |
|
0 |
|a Postcolonialism in literature.
|9 52677
|
| 650 |
|
0 |
|a English literature.
|9 52678
|
| 852 |
4 |
|
|a Ayesha Abed Library
|c General Stacks
|
| 942 |
0 |
0 |
|0 1
|2 ddc
|c BK
|
| 952 |
|
|
|0 0
|1 0
|2 ddc
|4 0
|6 809_933580000000000_ALA_2007
|7 0
|9 2051
|a BRACUL
|b BRACUL
|c GEN
|d 2009-07-09
|g 600.00
|l 5
|m 43
|o 809.93358 ALA
|p 3010016178
|q 2023-04-25
|r 2020-03-16
|s 2020-03-16
|t 1
|v 1200.00
|w 2009-07-09
|y BK
|
| 952 |
|
|
|0 0
|1 0
|2 ddc
|4 0
|6 809_933580000000000_ALA_2007
|7 0
|9 13018
|a BRACUL
|b BRACUL
|c GEN
|d 2010-11-02
|l 4
|m 7
|o 809.93358 ALA
|p 3010016179
|r 2022-09-28
|s 2022-08-10
|t 2
|w 2010-11-02
|y BK
|
| 952 |
|
|
|0 0
|1 0
|2 ddc
|4 0
|6 809_933580000000000_ALA
|7 1
|9 72426
|a BRACUL
|b BRACUL
|c AAKC
|d 2022-12-01
|e Donated by Akbar Ali Khan
|g 600.00
|l 0
|o 809.93358 ALA
|p 3010040146
|r 2022-12-01
|t 3
|w 2022-12-01
|y BK
|